000 00942nam a22003017a 4500
003 CHAP
005 20250322162306.0
008 971013s1978 mx a r 00010 spa d
010 _a60227
011 _a61199
035 _a65363
040 _cCHAP
090 _aFolleto 7301
100 0 0 _aKoeslag, Johan H.
_963613
245 1 _aPorcinos
260 _aMéxico, D. F. :
_bTrillas,
_c1978
300 _a98 p. :
_bilus.
490 _aManuales para educación agropecuaria. Producción animal
590 _aBATCH-UPD
_b10
_c20130110
_lUCH01
_h2227
590 _aBATCH-UPD
_b10
_c20130410
_lUCH01
_h1523
590 _aBATCH-UPD
_b10
_c20130914
_lUCH01
_h1522
590 _aCONVERSION
_b10
_c20130109
_lUCH01
_h1332
650 1 4 _aGanado porcino.
_945328
830 0 _aManuales para educación agropecuaria. Área producción animal (Trillas)
_970694
901 _aBK
942 _cFOLL
949 _aFolleto 7301
_bBC
_cFOLL
_d-145716
_eTS1
_i65363
_si
999 _c60227
_d60227